|
|
|
|
| LEADER |
00780nab a2200205 i 4500 |
| 001 |
univ2885 |
| 005 |
20171214084933.0 |
| 008 |
170606s2003 hu o 0|| hun d |
| 022 |
|
|
|a 1585-1141
|
| 040 |
|
|
|a SZTE UnivHistória Repozitórium
|b hun
|
| 041 |
|
|
|a hun
|
| 100 |
1 |
|
|a Benedek György
|
| 245 |
1 |
0 |
|a „Az egyetem benne él Európában"
|h [elektronikus dokumentum] :
|b interjú Benedek György tudományos rektorhelyettessel /
|c Benedek György
|
| 260 |
|
|
|c 2003
|
| 300 |
|
|
|a 10
|
| 490 |
0 |
|
|a Egyetem : a szegedi felsőoktatás információs háttérmagazinja
|v 5 No. különs
|
| 561 |
|
|
|a Egyetemi, hallgatói élet
|
| 695 |
|
|
|a Társadalomtudomány
|
| 700 |
0 |
1 |
|a Molnár Gábor
|e aut
|
| 856 |
4 |
0 |
|u http://univ.bibl.u-szeged.hu/2885/1/egyetem_005_kulon_010.pdf
|z Dokumentum-elérés
|